| 000 | 00710nam a2200253Ia 4500 | ||
|---|---|---|---|
| 003 | OSt | ||
| 005 | 20220918224535.0 | ||
| 006 | a|||||r|||| 00| 0 | ||
| 007 | ta | ||
| 008 | 220917b |||||||| |||| 00| 0 eng d | ||
| 024 | _a229,850 | ||
| 037 | _cTextual | ||
| 040 |
_aARTS _cARTS _beng |
||
| 041 |
_2eng _aeng |
||
| 082 | _aSN1:4g, P2 | ||
| 100 |
_aBond Frank W. Ed. _917735 |
||
| 245 | 0 | _aHandbook of brief cognitive behaviour therapy | |
| 260 |
_aEngland _bJohn Wiley & sons ltd. _c2002 |
||
| 300 |
_axii, 318p _ccm. |
||
| 650 | _aPSYCHOLOGY | ||
| 700 |
_a Dryden Windy Ed. _921389 |
||
| 942 |
_hSN1:4g, P2 _cTEXL _2CC |
||
| 999 |
_c281570 _d281570 |
||